HBR's 10 must reads on design thinking (Record no. 4774)

MARC details
000 -CABECERA
campo de control de longitud fija 02085nam a2200313 i 4500
001 - NÚMERO DE CONTROL
campo de control ssj0003109294
003 - IDENTIFICADOR DEL NÚMERO DE CONTROL
campo de control WaSeSS
005 - FECHA Y HORA DE LA ÚLTIMA TRANSACCIÓN
campo de control 20250619090708.0
006 - CÓDIGOS DE INFORMACIÓN DE LONGITUD FIJA--CARACTERÍSTICAS DEL MATERIAL ADICIONAL
campo de control de longitud fija m d
007 - CAMPO FIJO DE DESCRIPCIÓN FÍSICA--INFORMACIÓN GENERAL
campo de control de longitud fija cr n
008 - DATOS DE LONGITUD FIJA--INFORMACIÓN GENERAL
campo de control de longitud fija 200413t20202020mau s 001 0 eng|d
020 ## - NÚMERO INTERNACIONAL ESTÁNDAR DEL LIBRO
Número Internacional Estándar del Libro 9781633698802
040 ## - FUENTE DE LA CATALOGACIÓN
Centro catalogador/agencia de origen MiAaPQ
Lengua de catalogación eng
Normas de descripción pn
Centro/agencia transcriptor MiAaPQ
Centro/agencia modificador MiAaPQ
-- WaSeSS
041 ## - CÓDIGO DE LENGUA
Código de lengua del texto/banda sonora o título independiente eng
050 #4 - SIGNATURA TOPOGRÁFICA DE LA BIBLIOTECA DEL CONGRESO
Número de clasificación BF449
Número de documento/Ítem .H37 2020
245 00 - MENCIÓN DE TÍTULO
Título HBR's 10 must reads on design thinking
246 ## - FORMA VARIANTE DE TÍTULO
Título propio/Titulo breve Harvard Business Review's 10 must reads on design thinking
246 ## - FORMA VARIANTE DE TÍTULO
Título propio/Titulo breve On design thinking
246 ## - FORMA VARIANTE DE TÍTULO
Título propio/Titulo breve Design thinking
260 ## - PUBLICACIÓN, DISTRIBUCIÓN, ETC.
Lugar de publicación, distribución, etc. Boston, MA :
Nombre del editor, distribuidor, etc. Harvard Business Review Press,
Fecha de publicación, distribución, etc. 2020.
300 ## - DESCRIPCIÓN FÍSICA
Extensión 167 pages :
Otras características físicas illustrations, portraits (black and white) ;
Dimensiones 21 cm.
490 ## - MENCIÓN DE SERIE
Mención de serie HBR's 10 must reads series
500 ## - NOTA GENERAL
Nota general Includes index.
505 ## - NOTA DE CONTENIDO CON FORMATO
Nota de contenido con formato Intro — Title Page — Copyright — Contents — Design Thinking — Why Design Thinking Works — The Right Way to Lead Design Thinking — Design for Action — The Innovation Catalysts — Know Your Customers' "Jobs to Be Done" — Engineering Reverse Innovations — Strategies for Learning from Failure — How Indra Nooyi Turned Design Thinking into Strategy — Reclaim Your Creative Confidence — About the Contributors – Index.
520 ## - SUMARIO, ETC.
Sumario, etc. If you read nothing else on design thinking, read these 10 articles. We've combed through hundreds of Harvard Business Review articles and selected the most important ones to help you use design thinking to produce breakthrough innovations and transform your organization.<br/><br/>This book will inspire you to:<br/><br/>Identify customers' "jobs to be done" and build products people love — <br/>Fail small, learn quickly, and win big — <br/>Provide the support design-thinking teams need to flourish — <br/>Foster a culture of experimentation — <br/>Sharpen your own skills as a design thinker — <br/>Counteract the biases that perpetuate the status quo and thwart innovation — <br/>Adopt best practices from design-driven powerhouses.
650 #0 - PUNTO DE ACCESO ADICIONAL DE MATERIA--TÉRMINO DE MATERIA
Término de materia o nombre geográfico como elemento de entrada Project management
9 (RLIN) 1664
650 #0 - PUNTO DE ACCESO ADICIONAL DE MATERIA--TÉRMINO DE MATERIA
Término de materia o nombre geográfico como elemento de entrada Problem solving
9 (RLIN) 8435
942 ## - ELEMENTOS DE ENTRADA AGREGADA (KOHA)
Fuente del sistema de clasificación o colocación Clasificación de Library of Congress
Holdings
Estado de retiro Estado de pérdida Fuente del sistema de clasificación o colocación Estado dañado No para préstamo Biblioteca de origen Biblioteca actual Fecha de adquisición Total de préstamos Signatura topográfica completa Código de barras Fecha visto por última vez Número de copia Precio válido a partir de Tipo de ítem Koha
    Clasificación de Library of Congress     TBS Barcelona TBS Barcelona 19/06/2025   BF449 HAR B05787 19/06/2025 1 19/06/2025 Book

Powered by Koha